Sports Quiz

Random Sports or Football Quiz

NFL Closest Team Quiz Stats

Quiz Updated Feb 6, 2017

Also try: MLB Closest Team
Challenge
Share
Tweet
Embed
Score 0/32 Timer 07:00
11 Plays Today
Team Closest Team % Correct
49ers???
86.4%
Jets???
84.8%
Giants???
83.1%
Cowboys???
80.9%
Redskins???
79.9%
Raiders???
78.5%
Patriots*???
70.1%
Texans???
66.9%
Vikings???
64%
Chargers???
63.9%
Dolphins???
63.8%
Ravens???
63.5%
Jaguars???
61.7%
Cardinals???
58.8%
Lions???
57.7%
Titans???
50.8%
Team Closest Team % Correct
Steelers???
48.1%
Colts???
46.8%
Chiefs???
45.3%
Eagles*???
45.1%
Saints???
43.1%
Panthers???
41%
Buccaneers???
39.2%
Broncos???
35.6%
Packers???
34.8%
Bills*???
32.1%
Seahawks???
27.5%
Bears???
26.4%
Bengals???
24%
Browns???
11.8%
Rams???
11.5%
Falcons???
10.5%

You're not logged in!

Compare scores with friends on all Sporcle quizzes.
Sign Up with Email
OR
Log In

You Might Also Like...

Show Comments

Extras

Top Quizzes Today


Score Distribution

Your Account Isn't Verified!

In order to create a playlist on Sporcle, you need to verify the email address you used during registration. Go to your Sporcle Settings to finish the process.